000 01295nam a22003497i 4500
001 768714001
003 CO-MdFUSB
005 20220818124559.0
008 180620s2013 ck o|||| |||| 00| 0 spa d
020 _a9789585882621
040 _aCO-MdFUSB
_bspa
_cCO-MdFUSB
_dCO-MdFUSBC
_erda
041 _aspa
082 _222
_a306.855
_bF198
245 1 _a¿Es la familia el núcleo de la sociedad?
_c/
264 1 _aBogotá, Colombia :
_bEdiciones Desde abajo,
_c2003
300 _a56 páginas
_c; 28 cm.
336 _2rdacontent
_atexto
_btxt
337 _2rdamedia
_asin mediación
_bn
338 _2rdacarrier
_avolumen
_bnc
505 _tFamilias, cambio social y resistencia
_r| Carlos Iván Pacheco
505 _tMis dudas políticas acerca de la familia como una entidad necesaria a la convivencia social
_r| Francesca Gargallo
505 _tCultura, amor o monogamía
_r| Norma Mogrovejo.
505 _tCultura patriarcal, amor romántico y monogamia.
_r| Juliana Antivilo.
505 _t¿Es la familia el núcleo de la sociedad?
_r| Valentina Charry
505 _tSexualidad humana y revolución feminista
_r| Helio Gallardo
563 _aRústico
650 0 _9292
_aFamilias
653 _aFamilia nuclear
653 _aFamilias -- sociedad
942 _cAV
945 _aJTF-925
999 _c64314
_d64314